000 00606nam a2200229Ia 4500
003 OSt
005 20220926040505.0
006 a|||||r|||| 00| 0
007 ta
008 220923b |||||||| |||| 00| 0 eng d
037 _cGeneral Book
040 _aRTL
_cRTL
_beng
041 _2eng
_aeng
082 _aB280X9J, J3,J3;K1
100 _aFinney D J
_9341762
245 0 _aIntroduction to statistical science in agriculture
250 _aEd 2
260 _c1961
650 _aStatistics
_935791
942 _hB280X9J, J3,J3;K1
_cGB
_2CC
999 _c664929
_d664929